Giáo trình lý thuyết và thực hành vẽ trên máy tính autocad 2008-2004-2000

Giáo trình gồm 8 chương giới thiệu chi tiết về cách sử dụng AutoCad giúp bạn đọc vẽ trên máy tính một cách nhanh chóng và ứng dụng hiệu quả nhất vào công việc.

保存先:
書誌詳細
第一著者: Nguyễn, Lê Châu Thành
フォーマット: 図書
言語:Undetermined
出版事項: Hà Nội Thông tin và Truyền thông 2010
主題:
タグ: タグ追加
タグなし, このレコードへの初めてのタグを付けませんか!
Thư viện lưu trữ: Trung tâm Học liệu Trường Đại học Cần Thơ
LEADER 00992nam a2200205Ia 4500
001 CTU_160781
008 210402s9999 xx 000 0 und d
020 |c 39000 
082 |a 620.00420285 
082 |b Th107 
100 |a Nguyễn, Lê Châu Thành 
245 0 |a Giáo trình lý thuyết và thực hành vẽ trên máy tính autocad 2008-2004-2000 
245 0 |c Nguyễn Lê Châu Thành (Chủ biên) 
260 |a Hà Nội 
260 |b Thông tin và Truyền thông 
260 |c 2010 
520 |a Giáo trình gồm 8 chương giới thiệu chi tiết về cách sử dụng AutoCad giúp bạn đọc vẽ trên máy tính một cách nhanh chóng và ứng dụng hiệu quả nhất vào công việc. 
650 |a Computer graphics,AutoCAD (Computer software),Computer-aided design,Computer graphics 
904 |i Ánh Vân, Bạch Trúc 
980 |a Trung tâm Học liệu Trường Đại học Cần Thơ